Inteligentná poštová schránka

Enregistré dans:
Détails bibliographiques
Auteur principal: Oleš, Alex (Auteur)
Autres auteurs: Kubinec, Peter (Directeur de thèse)
Format: Manuscrit Livre
Langue:slovaque
Publié: Bratislava : STU v Bratislave FEI, 2024
Sujets:
Accès en ligne:https://opac.crzp.sk/?fn=detailBiblioFormChildIEHVU&sid=DDCD2C6FBCAD481F294FC2B200E4&seo=CRZP-detail-kniha
Tags: Ajouter un tag
Pas de tags, Soyez le premier à ajouter un tag!

MARC

LEADER 00000ntm a22000003a 4500
001 stuzp96517
003 SK-STU
005 20250327094305.7
007 ta
008 150427s2015----xo-----f-mn---000-0-slo-d
040 |a STU  |b slo 
041 0 |a slo 
044 |a xo 
100 1 |a Oleš, Alex  |u 033000  |4 aut  |U FEI Fakulta elektrotechniky a informatiky  |T FEI Ústav elektroniky a fotoniky  |X 98039  |U E030  |Y 549  |7 98039 
242 0 1 |a An intelligent mailbox  |y eng 
245 1 0 |a Inteligentná poštová schránka 
260 |a Bratislava :  |b STU v Bratislave FEI,  |c 2024 
300 |a 42 s., príl. 
650 4 |a poštová schránka  |2 slo 
650 4 |a Arduino  |2 slo 
650 4 |a LoRa  |2 slo 
650 4 |a LoRa  |2 eng 
650 4 |a mailbox  |2 eng 
650 4 |a Arduino  |2 eng 
700 1 |a Kubinec, Peter  |u 033000  |k Z1  |4 ths  |U FEI Fakulta elektrotechniky a informatiky  |T FEI Ústav elektroniky a fotoniky  |X 2052  |U E030  |Y 549  |7 A000002052 
856 4 |u https://opac.crzp.sk/?fn=detailBiblioFormChildIEHVU&sid=DDCD2C6FBCAD481F294FC2B200E4&seo=CRZP-detail-kniha